| 000 | 00472cam a2200169ua 4500 | ||
|---|---|---|---|
| 003 | OSt | ||
| 005 | 20260213113632.0 | ||
| 008 | 260213b |||||||| |||| 00| 0 eng d | ||
| 041 | _aeng | ||
| 082 |
_a621.319 _bWES/EL |
||
| 100 |
_aWestinghouse Electric cor, . _97867 |
||
| 245 | 0 | 0 | _aElectrical transmission and distribution: Reference book / |
| 260 |
_aCalcutta : _bOxford & IBH Publishing company , _c1950. |
||
| 300 | _a827 ; . | ||
| 500 | _a12362 Ref | ||
| 942 | _cBK | ||
| 999 |
_c8950 _d8950 |
||